000 00443nam a22001691a 4500
001 5551
003 OSt
005 20260204212019.0
008 060127s1983||||dr ||||||b||||||||||spa||
050 _aRD 861.44 H395m
100 _aHenríquez Veger, Omero
245 _aMacorís: centenario y otros poemas / Omero Henríquez Veger
264 _aSanto Domingo : Artes y Cine
300 _a135 p
650 _aPoema DominicanaÌ
942 _2ddc
_cBK
999 _c5551
_d5551